Ancient Egyptian magic : (Record no. 31036)

MARC details
000 -LEADER
fixed length control field 02275cam a2200361 i 4500
001 - CONTROL NUMBER
control field 20945975
003 - CONTROL NUMBER IDENTIFIER
control field EG-ScBUE
005 - DATE AND TIME OF LATEST TRANSACTION
control field 20251201100954.0
008 - FIXED-LENGTH DATA ELEMENTS--GENERAL INFORMATION
fixed length control field 190424t2020 enka f bf 001 0 eng d
020 ## - INTERNATIONAL STANDARD BOOK NUMBER
International Standard Book Number 9789774169809
035 ## - SYSTEM CONTROL NUMBER
System control number 20945975
035 ## - SYSTEM CONTROL NUMBER
System control number (OCoLC)1140112401
040 ## - CATALOGING SOURCE
Original cataloging agency UKMGB
Language of cataloging eng
Description conventions rda
Transcribing agency UKMGB
Modifying agency OCLCO
-- BDX
-- ERASA
-- OCLCF
-- YDX
-- AU@
-- GZN
-- UAB
-- MEAUC
-- CNGUL
-- DLC
-- EG-ScBUE
043 ## - GEOGRAPHIC AREA CODE
Geographic area code f-ua---
082 04 - DEWEY DECIMAL CLASSIFICATION NUMBER
Classification number 133.430932
Edition number 22
Item number RIG
100 1# - MAIN ENTRY--PERSONAL NAME
Personal name Riggs, Christina,
Relator term author.
245 10 - TITLE STATEMENT
Title Ancient Egyptian magic :
Remainder of title a hands-on guide /
Statement of responsibility, etc Christina Riggs.
264 #1 - PUBLICATION, DISTRIBUTION, ETC. (IMPRINT)
Place of publication, distribution, etc London :
Name of publisher, distributor, etc Thames & Hudson,
Date of publication, distribution, etc [2020]
264 #4 - PUBLICATION, DISTRIBUTION, ETC. (IMPRINT)
Date of publication, distribution, etc c2020
300 ## - PHYSICAL DESCRIPTION
Extent 208 pages :
Other physical details illustrations (black and white) ;
Dimensions 21 cm
336 ## - CONTENT TYPE
Content type term text
Content type code txt
Source rdacontent
336 ## - CONTENT TYPE
Content type term still image
Content type code sti
Source rdacontent
336 ## - CONTENT TYPE
Content type term cartographic image
Content type code cri
Source rdacontent
337 ## - MEDIA TYPE
Media type term unmediated
Media type code n
Source rdamedia
338 ## - CARRIER TYPE
Carrier type term volume
Carrier type code nc
Source rdacarrier
504 ## - BIBLIOGRAPHY, ETC. NOTE
Bibliography, etc Includes bibliographical references and index.
520 8# - SUMMARY, ETC.
Summary, etc In the ancient world the magicians of Egypt were considered the best. But was magic harmless fun, heartfelt hope, or something darker? Whether you needed a love charm, a chat with your dead wife, or the ability to fly like a bird, an Egyptian magician had just the thing. Christina Riggs explores how the Egyptians thought about magic, who performed it and why, and also helps readers understand why we've come to think of ancient Egypt in such a mystical, magical way in the first place. This book takes Egyptian magic seriously, using ancient texts and images to tackle the blurry distinctions between magic, religion and medicine. Along the way, readers will learn how to cure scorpion bites, why you might want to break the legs off your stuffed hippopotamus toy, and whether mummies really can come back to life. Readers will also (if so inclined) be able to save a fortune on pregnancy tests by simply urinating on barley seeds, and learn how to use the next street parade to predict the future - or ensure that annoying neighbour gets his comeuppance.
650 #7 - SUBJECT ADDED ENTRY--TOPICAL TERM
Topical term or geographic name as entry element Magic, Egyptian.
Source of heading or term BUEsh
650 #7 - SUBJECT ADDED ENTRY--TOPICAL TERM
Topical term or geographic name as entry element Magicians
Geographic subdivision Egypt
General subdivision Social life and customs.
Source of heading or term BUEsh
655 ## - INDEX TERM--GENRE/FORM
Form subdivision Reading book
906 ## - LOCAL DATA ELEMENT F, LDF (RLIN)
a 7
b cbc
c copycat
d 2
e ncip
f 20
g y-gencatlg
942 ## - ADDED ENTRY ELEMENTS (KOHA)
Source of classification or shelving scheme Dewey Decimal Classification
Koha item type Book - Borrowing
Holdings
Withdrawn status Lost status Source of classification or shelving scheme Damaged status Not for loan Collection code Home library Current library Shelving location Date acquired Source of acquisition Total Checkouts Full call number Barcode Date last seen Price effective from Koha item type
    Dewey Decimal Classification     Donation-Gift Central Library Central Library Lower Floor 01/12/2025 Donation   133.430932 RIG 000057433 05/04/2026 01/12/2025 Book - Borrowing